000 00429nam a2200169Ia 4500
003 GCL
008 140319s9999 xx 000 0 eng d
040 _aGCL /
_cGCL
082 0 4 _a647.6
_bW H
100 1 _aBECKLEY, HELEN.
245 1 0 _aHOTEL RECEPTION /
_cBECKLEY, HELEN.
700 1 _aWHITE, PAUT B.
260 _a[S.N] :
_bHODDER AND STOUGHTON ،
_c1992
300 _a224 P
650 0 4 _aHOTELS, TAVERNS
942 _2ddc
_cBK
999 _c16920
_d16920